Cite uma capital européia válida - Statistics

Estatísticas Gerais
  • Esse quiz foi jogado 174 vezes
  • A pontuação média é 8 de 20
Estatísticas das Respostas
Cite uma capital de um país europeu que ... # Capitais % Correto
é considerada uma das quatro "capitais da moda" do mundo 2 Paris | Londres
95%
só tem 4 letras em seu nome 5 Kiev | Oslo | Riga | Roma
85%
tem uma temperatura média abaixo de 6 °C 4 Reykjavík | Moscou | Helsinque | Tallinn
78%
está a mais de 450 km de qualquer outra capital do mundo 7 Reykjavík | Moscou | Lisboa | Andorra la Vella | Madri | Atenas | Dublin
67%
é a capital de um país que tem "landa/landia" 6 Dublin | Helsinque | Reykjavík
65%
é a capital de um país que já fez parte da Iugoslávia 7 Belgrado | Liubliana | Podgorica | Pristina | Sarajevo | Escópia | Zagreb
63%
está a pelo menos 400 km do mar 4 Moscou | Budapeste | Kiev | Minsk | Praga
59%
é a capital de um país europeu que faz fronteira com a Grécia 3 Escópia | Sofia | Tirana
57%
fica à oeste do Meridiano de Greenwich 5 Reykjavík | Lisboa | Dublin | Madri | Londres
55%
sediou os Jogos Olímpicos de Inverno 2 Oslo | Sarajevo
35%
está na União Europeia, mas não usa o Euro 7 Bucareste | Budapeste | Copenhague | Praga | Sofia | Estocolmo | Varsóvia
32%
é acertada menos de 50% das vezes no quiz "Capitais da Europa" 9 Podgorica | Chisinau | Pristina | Vaduz | Escópia | Liubliana | Valeta | Vilnius | Andorra la Vella
31%
tem a letra K (mas não começa com K) 5 Minsk | Reykjavik
27%
é uma das duas cidades mais amigáveis às bicicletas do mundo 2 Copenhague | Amsterdã
24%
é uma das três capitais da União Européia 2 Bruxelas | Luxemburgo
15%
cuja língua materna não é Indo-europeia 4 Budapeste | Helsinque | Tallinn | Valeta
14%
tem uma altitude maior que 500 m 5 Andorra la Vella | Madri | Sofia | Berna | Sarajevo
12%
fica no rio Danúbio 4 Bratislava | Belgrado | Budapeste | Viena
12%
fica a menos de 500 km do Mar Negro 4 Chisinau | Bucareste | Kiev | Sofia
10%
tem menos de 50 cm de precipitação anual 3 Atenas | Madri | Escópia
7%
Nenhum quiz correspondente encontrado
Distribuição das Pontuações
Porcentagem de Pessoas com Cada Pontuação
Percentil de Números Respondidos
Sua Pontuação Histórica
Você não jogou esse quiz